One Hundred Semesters : (Record no. 620028)

MARC details
000 -LEADER
fixed length control field 00505nam a2200193 a 4500
008 - FIXED-LENGTH DATA ELEMENTS--GENERAL INFORMATION
fixed length control field 260427s2006##################000#0#eng##
020 ## - INTERNATIONAL STANDARD BOOK NUMBER
ISBN 9780691127255
082 04 - DEWEY DECIMAL CLASSIFICATION NUMBER
Classification number 378.73
Item number CHA
100 1# - MAIN ENTRY--AUTHOR NAME
Personal name Chace, William M.,
245 10 - TITLE STATEMENT
Title One Hundred Semesters :
260 ## - PUBLICATION, DISTRIBUTION, ETC. (IMPRINT)
Name of publisher Princeton University Press,
Year of publication 2006.
300 ## - PHYSICAL DESCRIPTION
Number of Pages 368 pages
650 #0 - SUBJECT ADDED ENTRY--TOPICAL TERM
Topical Term Education.
942 ## - ADDED ENTRY ELEMENTS (KOHA)
Koha item type English Books
Holdings
Withdrawn status Lost status Damaged status Not for loan Home library Current library Shelving location Date acquired Full call number Accession Number Price effective from Koha item type
        Anna Centenary Library Anna Centenary Library 4TH FLOOR, B WING 27.04.2026 378.73 CHA 166005 27.04.2026 English Books

Find us on the map